Statistiken für Deutsche Ballungsgebiete

Klicken Sie hier um das Quiz zu spielen!

Allgemein

  • Dieses Quiz wurde 61 mal gespielt
  • Das Durchschnittsergebnis liegt bei 39 aus 68

Antwortstatistiken

EinwohnerzahlMetropolregion% Korrekt
5.593.000Ruhrgebiet
97%
4.679.500Berlin
95%
3.210.500Frankfurt
95%
2.230.600München
95%
2.842.100Hamburg
93%
4.903.700Köln/Düsseldorf
93%
827.800Dresden
90%
750.600Leipzig
90%
985.200Bremen
88%
1.180.500Nürnberg/Erlangen
88%
2.351.400Stuttgart
88%
1.129.600Hannover
83%
325.300Kiel
83%
1.554.100Mannheim
83%
340.200Kassel
81%
243.000Rostock
79%
441.600Chemnitz
76%
295.200Magdeburg
76%
515.500Augsburg
74%
932.500Bielefeld
74%
101.300Cottbus
72%
817.100Saarbrücken
72%
293.100Ulm
72%
573.200Aachen
71%
210.800Erfurt
71%
354.500Freiburg
69%
506.600Karlsruhe
69%
293.600Lübeck
69%
306.700Münster
69%
199.500Ingolstadt
67%
110.600Jena
67%
316.500Halle
66%
350.000Koblenz
66%
281.200Osnabrück
66%
189.600Paderborn
66%
111.000Schwerin
66%
243.200Regensburg
62%
336.600Braunschweig
60%
269.100Oldenburg
60%
157.100Trier
60%
129.200Wolfsburg
60%
136.800Göttingen
59%
195.100Würzburg
57%
113.800Flensburg
55%
175.200Bremerhaven
48%
244.100Siegen
48%
124.300Kaiserslautern
43%
278.200Gießen
41%
501.000Mönchengladbach
41%
117.400Bamberg
40%
333.200Heilbronn
36%
170.200Zwickau
34%
105.200Fulda
33%
280.600Reutlingen
33%
166.600Rosenheim
29%
215.100Pforzheim
28%
117.700Wilhelmshaven
24%
127.100Lüneburg
21%
108.600Landshut
16%
125.200Villingen-Schwenningen
14%
131.100Lörrach
12%
128.100Minden
12%
100.500Schweinfurt
12%
148.600Düren
9%
103.400Gaggenau
5%
122.100Bad Oeynhausen
3%
174.000Gummersbach
3%
101.400Bensheim
0%

Verteilung der Resultate

Perzentil nach korrekt beantworteten Fragen

Anzahl Personen mit jedem Resultat

Ihre Resultats-Entwicklung

Sie haben dieses Quiz noch nicht gespielt